000 01652nam a2200265Ia 4500
003 Ost
005 20260507075221.0
008 260507s9999||||xx |||||||||||||| ||und||
020 _a1403899579
040 _cfsecg
041 _aara
082 _a330
100 _aأبوزيد، محد خير سليم
_eمؤلف
245 0 _aالتحليل الاحصائي للبيانات باستخدام برمجية (SPSS VERSION (15-16 /
_c محد خير سليم أبوزيد
260 _aعمان:
_bدار جرير,
_c2009
300 _a437 صفحة؛
_bإيضاحات ؛
_c24 سم
504 _aمراجع ص.435
520 _aمقدمة في التحليل الاحصائي ، مكونات شاشة برمجية spss التعامل مع ملف البيانات و تحريرها ، قائمةdata وtransform، تمثيل البيانات بيانيا ، الاحصاء الوصفي ،إختبار الفرضيات و اختبار العينة الاحادية ، اختبار مقارنة بين متوسطي مجتمعين ، اختبار كاي سكوير ، تحليل التباين الاحادي و الثنائي و التباين المشترك ، الارتباط و الانحدار البسيط و المتعدد ، حالة عملية بالتطرق الى وصف خصائص عينة الدراسة ،وصف فقرات الدراسة ، تعريف متغيرات الدراسة و اختبار الفرضيات .
653 _aالإحصاء الآلي
653 _aالاحصاء الوصفي
653 _aالبرمجيات
653 _aالتحليل الاحصائي
653 _aالحاسوب
942 _cكتاب
999 _c43519
_d43519